Objective English for Competitive Examinations (Record no. 4388)

MARC details
000 -LEADER
fixed length control field 00374nam a22001577a 4500
005 - DATE AND TIME OF LATEST TRANSACTION
control field 20160628110114.0
008 - FIXED-LENGTH DATA ELEMENTS--GENERAL INFORMATION
fixed length control field 160628b xxu||||| |||| 00| 0 eng d
020 ## - INTERNATIONAL STANDARD BOOK NUMBER
ISBN 81-8209-076-8
041 ## - LANGUAGE CODE
Language code of text/sound track or separate title eng
082 ## - DEWEY DECIMAL CLASSIFICATION NUMBER
Item number 10744
245 ## - TITLE STATEMENT
Title Objective English for Competitive Examinations
260 ## - PUBLICATION, DISTRIBUTION, ETC. (IMPRINT)
Name of publisher Vijay Nicola
300 ## - PHYSICAL DESCRIPTION
Number of Pages SQP-116
650 ## - SUBJECT ADDED ENTRY--TOPICAL TERM
Topical Term Management
942 ## - ADDED ENTRY ELEMENTS (KOHA)
Koha item type Books
Holdings
Lost status Damaged status Home library Date acquired Cost, normal purchase price Full call number Accession Number Koha item type
    JRU Library 28/06/2016 150.00 10744 10744 Books